နိုင်ငံတော်ဖွဲ့စည်းပုံ အခြေခံဥပဒေရေးဆွဲရာတွင် အခြေခံရန်အမျိုးသားညီလာခံ.../ (Record no. 27090)
[ view plain ]
| 000 -LEADER | |
|---|---|
| fixed length control field | 00874nam a22001577a 4500 |
| 005 - DATE AND TIME OF LATEST TRANSACTION | |
| control field | 20260123085739.0 |
| 008 - FIXED-LENGTH DATA ELEMENTS--GENERAL INFORMATION | |
| fixed length control field | 230712b ||||| |||| 00| 0 eng d |
| 040 ## - CATALOGING SOURCE | |
| Transcribing agency | SSBUL |
| Modifying agency | SSBUL |
| 082 ## - DEWEY DECIMAL CLASSIFICATION NUMBER | |
| Edition number | 23 |
| Classification number | ၃၄၂.၅၉၁ နိုင် ၁၆၀၈၁ (S-SAT) |
| 245 ## - TITLE STATEMENT | |
| Title | နိုင်ငံတော်ဖွဲ့စည်းပုံ အခြေခံဥပဒေရေးဆွဲရာတွင် အခြေခံရန်အမျိုးသားညီလာခံ.../ |
| 300 ## - PHYSICAL DESCRIPTION | |
| Extent | ၂၃၅ စာမျက်နှာ၊ |
| Dimensions | ၂၄ စင်တီ။ |
| 500 ## - GENERAL NOTE | |
| General note | S-SAT: Dr. Prof Sai Aung Tun |
| 650 ## - SUBJECT ADDED ENTRY--TOPICAL TERM | |
| Topical term or geographic name entry element | ဖွဲ့စည်းပုံအခြေခံဥပဒေ |
| Geographic subdivision | မြန်မာနိုင်ငံ။ |
| 9 (RLIN) | 27832 |
| Topical term or geographic name entry element | အမျိုးသားညီလာခံ |
| Geographic subdivision | မြန်မာနိုင်ငံ။ |
| 9 (RLIN) | 27837 |
| 942 ## - ADDED ENTRY ELEMENTS (KOHA) | |
| Source of classification or shelving scheme | |
| Koha item type | Book (Short term) |
| Withdrawn status | Lost status | Source of classification or shelving scheme | Damaged status | Not for loan | Collection code | Permanent Location | Current Location | Shelving location | Date acquired | Total Checkouts | Full call number | Barcode | Date last seen | Price effective from | Koha item type | Accession |
|---|---|---|---|---|---|---|---|---|---|---|---|---|---|---|---|---|
| Special Collections | Shan State Buddhist University Library | Shan State Buddhist University Library | Special Collection Shelves | 12/07/2023 | ၃၄၂.၅၉၁ နိုင် ၁၆၀၈၁ (S-SAT) | MB00016081 | 12/07/2023 | 12/07/2023 | Book (Short term) | ၁၆၀၈၁ (S-SAT) |